New Zealand Rugby All Blacks - Most Capped Backs - Statistics

General Stats
  • This quiz has been taken 664 times
    117 since last reset
  • The average score is 18 of 31
Answer Stats
Caps Player % Correct
112 Daniel Carter
94%
116 Aaron Smith
90%
94 Conrad Smith
90%
114 Beauden Barrett
87%
103 Ma'a Nonu
87%
84 Ben Smith
86%
50 Jordie Barrett
82%
63 Jonah Lomu
72%
54 Julian Savea
70%
61 Rieko Ioane
63%
100 Mils Muliaina
62%
80 TJ Perenara
62%
58 Christian Cullen
61%
68 Joe Rokocoko
61%
70 Andrew Mehrtens
58%
60 Jeff Wilson
57%
81 Justin Marshall
56%
62 Doug Howlett
54%
74 Tana Umaga
53%
50 Aaron Cruden
52%
63 John Kirwan
49%
65 Israel Dagg
48%
58 Anton Lienert-Brown
47%
57 Sonny Bill Williams
47%
71 Piri Weepu
44%
55 Frank Bunce
43%
50 Walter Little
37%
53 Cory Jane
34%
57 Byron Kelleher
30%
56 Leon MacDonald
29%
51 Jimmy Cowan
28%
No matching quizzes found
Score Distribution
Percent of People with Each Score
Percentile by Number Answered
Your Score History
You have not taken this quiz since the last reset